| 000 | 00957nam a2200217Ia 4500 | ||
|---|---|---|---|
| 003 | Ost | ||
| 005 | 20260507075016.0 | ||
| 008 | 260507s9999||||xx |||||||||||||| ||und|| | ||
| 020 | _a1535723977 | ||
| 040 | _cfsecg | ||
| 041 | _aara | ||
| 082 | _a658.785 | ||
| 100 |
_aعليوة، السيد _eمؤلف |
||
| 245 | 0 |
_aتنمية مهارات مراقبة وتحليل المخزون / _c السيد عليوة |
|
| 260 |
_aالقاهرة: _bدار إيتراك, _c2001 |
||
| 300 |
_a101 صفحة؛ _bإيضاحات ؛ _c24 سم |
||
| 520 | _aالمراقبة الداخلية للمخزن-التحليل الإداري والمحاسبي-وظيفة التخزين-طرق تقييم المخزون-التخطيط المالي والرقابة المالية للمخزون-تخطيط المخزون-أمين المخزن ومواجهة ضغوط العمل | ||
| 653 | _aالمخازن | ||
| 653 | _aالمخزون - مراقبة | ||
| 942 | _cكتاب | ||
| 999 |
_c42210 _d42210 |
||